Pothuvakya Sammelanam/ (Record no. 145010)
[ view plain ]
| 000 -LEADER | |
|---|---|
| fixed length control field | 00368nam a22001457a 4500 |
| 082 ## - DEWEY DECIMAL CLASSIFICATION NUMBER | |
| Classification number | M301 |
| Item number | ANU/P |
| 100 ## - MAIN ENTRY--AUTHOR NAME | |
| Personal name | Anuja Akathoothu |
| 245 ## - TITLE STATEMENT | |
| Title | Pothuvakya Sammelanam/ |
| Statement of responsibility, etc | by Anuja Akathoothu |
| 260 ## - PUBLICATION, DISTRIBUTION, ETC. (IMPRINT) | |
| Place of publication | Muvattupuzha: |
| Name of publisher | Kadhasamithi, |
| Year of publication | 1999. |
| 300 ## - PHYSICAL DESCRIPTION | |
| Number of Pages | 32p. |
| 650 ## - SUBJECT ADDED ENTRY--TOPICAL TERM | |
| Topical Term | Stories Malayalam |
| 650 ## - SUBJECT ADDED ENTRY--TOPICAL TERM | |
| Topical Term | Literature Malayalam |
| 650 ## - SUBJECT ADDED ENTRY--TOPICAL TERM | |
| Topical Term | Literature |
| 942 ## - ADDED ENTRY ELEMENTS (KOHA) | |
| Koha item type | Book |
| Withdrawn status | Lost status | Damaged status | Not for loan | Permanent Location | Current Location | Shelving location | Date acquired | Cost, normal purchase price | Full call number | Accession Number | Price effective from | Koha item type |
|---|---|---|---|---|---|---|---|---|---|---|---|---|
| Sree Sankaracharya University of Sanskrit | Sree Sankaracharya University of Sanskrit | Stacks | 06.08.2020 | 20.00 | M301 ANU/P | 099673 | 06.08.2020 | Book | ||||
| Sree Sankaracharya University of Sanskrit | Sree Sankaracharya University of Sanskrit | Stacks | 06.08.2020 | 20.00 | M301 ANU/P | 099674 | 06.08.2020 | Book |